000 00465nam a2200193Ia 4500
003 OSt
005 20221005113713.0
006 a|||||r|||| 00| 0
007 ta
008 221004b |||||||| |||| 00| 0 eng d
024 _a111525
037 _cTextual
040 _aCRL
_cCRL
_beng
041 _2eng
_aeng
245 0 _aAcomplained of composition price on Dividants and Sataescution
260 _c1984
942 _cTEXL
_2cc
999 _c1028976
_d1028976